[Event "11th Rubinstein Memorial"]
[Site "Polanica Zdroj POL"]
[Date "1973.08.10"]
[Round "5"]
[White "Kostro, Jerzy"]
[Black "Grabczewski, Romuald"]
[Result "1/2-1/2"]
[WhiteElo "2385"]
[BlackElo "2420"]
[EventDate "1973.08.05"]
[PlyCount "48"]

1.e4 e5 2.Nf3 Nc6 3.Bb5 a6 4.Ba4 Nf6 5.O-O Be7 6.d4 exd4 7.Re1 O-O 8.e5 
Nd5 9.Bb3 Nb6 10.Nxd4 Nxd4 11.Qxd4 d6 12.exd6 Bxd6 13.Bf4 Bxf4 14.Qxf4 Be6
15.Bxe6 fxe6 16.Qg4 Rf5 17.Nc3 Qf6 18.Qe2 Rf8 19.f3 Nd5 20.Qxe6+ Qxe6 21.
Rxe6 Nxc3 22.bxc3 Rd8 23.Rb1 Kf7 24.Re2 b6 1/2-1/2

[Event "11th Rubinstein Memorial"]
[Site "Polanica Zdroj POL"]
[Date "1973.08.10"]
[Round "5"]
[White "Maciejewski, Andrzej"]
[Black "Doda, Zbigniew"]
[Result "0-1"]
[WhiteElo "2470"]
[BlackElo "2405"]
[EventDate "1973.08.05"]
[PlyCount "80"]

1.h3 Nf6 2.Nf3 g6 3.d4 Bg7 4.e3 c5 5.c3 O-O 6.Bd3 b6 7.e4 Bb7 8.Qe2 cxd4 
9.cxd4 Nc6 10.Nc3 Nb4 11.Bb1 Ba6 12.Qe3 d5 13.e5 Ne8 14.a3 Nc6 15.Bd3 Bxd3
16.Qxd3 Na5 17.Nd2 Rc8 18.O-O e6 19.Nd1 f6 20.Nf3 fxe5 21.Nxe5 Qc7 22.Ne3 
Bxe5 23.dxe5 Qxe5 24.Ng4 Qd6 25.Bd2 Nc6 26.b4 Ne5 27.Nh6+ Kg7 28.Qd4 Rc4 
29.Qb2 d4 30.f4 Nd7 31.Ng4 Nef6 32.Rad1 Nxg4 33.hxg4 Nf6 34.Be3 Rd8 35.Qe2
b5 36.f5 e5 37.fxg6 hxg6 38.Bg5 Rf8 39.Qf3 Nh7 40.Qe3 dxe3 0-1

[Event "11th Rubinstein Memorial"]
[Site "Polanica Zdroj POL"]
[Date "1973.08.10"]
[Round "5"]
[White "Markland, Peter Richard"]
[Black "Pribyl, Josef"]
[Result "1/2-1/2"]
[WhiteElo "2405"]
[BlackElo "2440"]
[EventDate "1973.08.05"]
[PlyCount "37"]

1.e4 c5 2.c3 Nf6 3.e5 Nd5 4.d4 cxd4 5.cxd4 d6 6.Nf3 Nc6 7.Qb3 e6 8.Bb5 Bd7
9.Nc3 Nxc3 10.bxc3 dxe5 11.Bxc6 Bxc6 12.Nxe5 Be7 13.Nxc6 bxc6 14.Ba3 O-O 
15.Bxe7 Qxe7 16.Rb1 c5 17.dxc5 Qxc5 18.O-O Rac8 19.Rbc1 1/2-1/2

[Event "11th Rubinstein Memorial"]
[Site "Polanica Zdroj POL"]
[Date "1973.08.10"]
[Round "5"]
[White "Nicevski, Risto"]
[Black "Dvoretsky, Mark"]
[Result "0-1"]
[WhiteElo "2440"]
[BlackElo "2485"]
[EventDate "1973.08.05"]
[PlyCount "44"]

1.e4 e5 2.Nf3 Nf6 3.d4 Nxe4 4.Bd3 d5 5.Nxe5 Bd6 6.O-O O-O 7.c4 Bxe5 8.dxe5
Nc6 9.f4 Bf5 10.Be3 Nb4 11.Bxe4 Bxe4 12.Nc3 Bd3 13.Bc5 Bxf1 14.Qxf1 d4 15.
Rd1 dxc3 16.Bxb4 c2 17.Rc1 Qd4+ 18.Kh1 Qxb2 19.Bxf8 Kxf8 20.h4 Rd8 21.Kh2 
Rd2 22.Qg1 b6 0-1

[Event "11th Rubinstein Memorial"]
[Site "Polanica Zdroj POL"]
[Date "1973.08.10"]
[Round "5"]
[White "Schmidt, Wlodzimierz"]
[Black "Ermenkov, Evgeny"]
[Result "1/2-1/2"]
[WhiteElo "2455"]
[BlackElo "2425"]
[EventDate "1973.08.05"]
[PlyCount "95"]

1.Nf3 g6 2.c4 Bg7 3.d4 c5 4.e4 d6 5.Nc3 Nc6 6.Be3 Qa5 7.d5 Ne5 8.Nxe5 Bxe5
9.Qd2 Nf6 10.f3 a6 11.Bd3 Nd7 12.O-O b5 13.cxb5 O-O 14.a4 axb5 15.Bxb5 Nb6
16.Rfc1 Ba6 17.Bxa6 Qxa6 18.b3 Rab8 19.Rab1 Rfc8 20.Nd1 Rb7 21.Nf2 Rcb8 
22.Qd1 Bg7 23.g3 h6 24.Kg2 c4 25.Qf1 Kh7 26.h4 Nd7 27.bxc4 Qxa4 28.Rxb7 
Rxb7 29.Rb1 Rxb1 30.Qxb1 Qxc4 31.Qd3 Qa4 32.Qd1 Qa3 33.Qd3 Qa1 34.Qd1 Qa8 
35.Bd4 Nf6 36.Be3 h5 37.Nh3 Nd7 38.Qb3 Bf6 39.Qc2 Qa3 40.Bc1 Qa1 41.Bg5 
Nc5 42.Bxf6 Qxf6 43.Qd2 Qa1 44.Nf2 Kg7 45.Nh3 Qe5 46.Nf4 Nb3 47.Qc2 Nc5 
48.Qd2 1/2-1/2

[Event "11th Rubinstein Memorial"]
[Site "Polanica Zdroj POL"]
[Date "1973.08.11"]
[Round "6"]
[White "Doda, Zbigniew"]
[Black "Kostro, Jerzy"]
[Result "1/2-1/2"]
[WhiteElo "2405"]
[BlackElo "2385"]
[EventDate "1973.08.05"]
[PlyCount "59"]

1.Nf3 d5 2.c4 e6 3.g3 Nf6 4.Bg2 Be7 5.O-O O-O 6.d4 dxc4 7.Qc2 a6 8.a4 Nc6 
9.Qxc4 Qd5 10.Nbd2 Rd8 11.e3 Qxc4 12.Nxc4 a5 13.b3 Nb4 14.Rd1 c6 15.Bb2 
Bd7 16.Nb6 Ra6 17.Nxd7 Nxd7 18.Nd2 Nd3 19.Bc3 Bb4 20.Bxb4 Nxb4 21.Bf1 Raa8
22.Rac1 Kf8 23.Ne4 Ke7 24.f4 Rac8 25.Be2 b6 26.Kf2 c5 27.dxc5 Nxc5 28.Nxc5
Rxd1 29.Rxd1 Rxc5 30.Bc4 1/2-1/2

[Event "11th Rubinstein Memorial"]
[Site "Polanica Zdroj POL"]
[Date "1973.08.11"]
[Round "6"]
[White "Dvoretsky, Mark"]
[Black "Markland, Peter Richard"]
[Result "1/2-1/2"]
[WhiteElo "2485"]
[BlackElo "2405"]
[EventDate "1973.08.05"]
[PlyCount "25"]

1.e4 c6 2.d3 d5 3.Nd2 dxe4 4.dxe4 e5 5.Ngf3 Bc5 6.Bc4 Qe7 7.a4 a5 8.O-O 
Nf6 9.Qe2 O-O 10.Nh4 Bg4 11.Nf5 Bxe2 12.Nxe7+ Bxe7 13.Bxe2 1/2-1/2

[Event "11th Rubinstein Memorial"]
[Site "Polanica Zdroj POL"]
[Date "1973.08.11"]
[Round "6"]
[White "Ermenkov, Evgeny"]
[Black "Grabczewski, Romuald"]
[Result "1-0"]
[WhiteElo "2425"]
[BlackElo "2420"]
[EventDate "1973.08.05"]
[PlyCount "109"]

1.c4 e5 2.Nc3 Nf6 3.Nf3 Nc6 4.g3 Bb4 5.Bg2 O-O 6.O-O Re8 7.Nd5 e4 8.Ne1 a5
9.d3 exd3 10.Nxd3 h6 11.Bf4 Nxd5 12.cxd5 Nd4 13.e4 Bf8 14.Rc1 d6 15.Be3 c5
16.dxc6 Nxc6 17.Nf4 Be6 18.Qa4 Qf6 19.Nxe6 fxe6 20.Qb5 Re7 21.Rfd1 Rf7 22.
a4 Ne5 23.h3 Nf3+ 24.Kh1 Kh8 25.Rc3 e5 26.Qd5 g5 27.Bc1 Nd4 28.Rxd4 exd4 
29.Rf3 Qxf3 30.Bxf3 Rxf3 31.Qxd4+ Bg7 32.Qb6 Raf8 33.Be3 Be5 34.Kg2 R8f7 
35.b3 Kg8 36.g4 R3f6 37.Qxa5 Bf4 38.Bb6 Be5 39.Qd5 Kg7 40.b4 Rf3 41.Be3 
R3f6 42.a5 Rc7 43.b5 Rff7 44.a6 bxa6 45.bxa6 Kf6 46.Bb6 Rc8 47.a7 Rff8 48.
Qb7 Kg6 49.Qd7 Ra8 50.Qb7 Rac8 51.Be3 Rfe8 52.h4 Rf8 53.Qe7 gxh4 54.f4 h3+
55.Kxh3 1-0

[Event "11th Rubinstein Memorial"]
[Site "Polanica Zdroj POL"]
[Date "1973.08.11"]
[Round "6"]
[White "Espig, Lutz"]
[Black "Maciejewski, Andrzej"]
[Result "1-0"]
[WhiteElo "2460"]
[BlackElo "2470"]
[EventDate "1973.08.05"]
[PlyCount "61"]

1.Nf3 d5 2.c4 c6 3.d4 Nf6 4.cxd5 cxd5 5.Nc3 Nc6 6.Bf4 g6 7.e3 Bg4 8.Qb3 
Qb6 9.Ne5 Qxb3 10.axb3 Bd7 11.Nb5 Rc8 12.Nxc6 Bxc6 13.Nxa7 Ra8 14.Bd3 Nh5 
15.Be5 f6 16.Bg3 Nxg3 17.hxg3 Bg7 18.Rxh7 O-O 19.Bxg6 e5 20.Ra3 exd4 21.
Nxc6 bxc6 22.exd4 f5 23.Rh4 Rxa3 24.bxa3 Rb8 25.b4 Ra8 26.Bxf5 Rxa3 27.Bd7
Ra1+ 28.Kd2 Bf8 29.Bxc6 Bxb4+ 30.Ke3 Re1+ 31.Kf3 1-0

[Event "11th Rubinstein Memorial"]
[Site "Polanica Zdroj POL"]
[Date "1973.08.11"]
[Round "6"]
[White "Pribyl, Josef"]
[Black "Jigjidsuren, Purev"]
[Result "1/2-1/2"]
[WhiteElo "2440"]
[BlackElo "2260"]
[EventDate "1973.08.05"]
[PlyCount "75"]

1.c4 e6 2.Nf3 Nf6 3.g3 Be7 4.Bg2 O-O 5.O-O d5 6.b3 c5 7.Bb2 Nc6 8.e3 Qc7 
9.Nc3 a6 10.Qe2 b6 11.Rfd1 Bb7 12.cxd5 exd5 13.d4 Rad8 14.Rac1 Rfe8 15.Qd3
c4 16.bxc4 Nb4 17.Qf1 dxc4 18.Ne5 b5 19.e4 Rxd4 20.Nxb5 axb5 21.Bxd4 Nxa2 
22.Ra1 Nb4 23.Qe2 Nc6 24.Nxc6 Qxc6 25.Ra7 Bd8 26.Qb2 Nxe4 27.Rb1 Bb6 28.
Rxb7 Bxd4 29.Qxb5 Qxb5 30.R1xb5 Nxf2 31.Rd5 Be3 32.Re7 Ng4+ 33.Kf1 Rf8 34.
h3 c3 35.Rc7 Bb6 36.Rxc3 Ne3+ 37.Rxe3 Bxe3 38.Rd7 1/2-1/2

[Event "11th Rubinstein Memorial"]
[Site "Polanica Zdroj POL"]
[Date "1973.08.11"]
[Round "6"]
[White "Pytel, Krzysztof"]
[Black "Nicevski, Risto"]
[Result "0-1"]
[WhiteElo "2390"]
[BlackElo "2440"]
[EventDate "1973.08.05"]
[PlyCount "74"]

1.d4 f5 2.g3 Nf6 3.Bg2 e6 4.Nf3 Be7 5.O-O O-O 6.c4 d6 7.b3 Qe8 8.Nc3 a5 9.
Bb2 Na6 10.a3 Bd7 11.Ne1 c6 12.Nd3 Bd8 13.e4 e5 14.dxe5 dxe5 15.Qe2 Bc7 
16.exf5 Bxf5 17.Rfe1 Bxd3 18.Qxd3 Bb6 19.Na4 Nc5 20.Nxc5 Bxc5 21.Rxe5 
Bxf2+ 22.Kh1 Qd8 23.Qe2 Bd4 24.Rd1 Bxb2 25.Rxd8 Raxd8 26.Bd5+ cxd5 27.Qxb2
d4 28.h3 d3 29.Qd2 Rd4 30.Kg2 Rfd8 31.Kf3 a4 32.bxa4 Rxc4 33.Re3 Rc2 34.
Qd1 d2 35.Kf2 Rc1 36.Qb3+ Kh8 37.Rd3 Rxd3 0-1

[Event "11th Rubinstein Memorial"]
[Site "Polanica Zdroj POL"]
[Date "1973.08.11"]
[Round "6"]
[White "Schmidt, Wlodzimierz"]
[Black "Filipowicz, Andrzej"]
[Result "1-0"]
[WhiteElo "2455"]
[BlackElo "2420"]
[EventDate "1973.08.05"]
[PlyCount "115"]

1.Nf3 Nf6 2.c4 e6 3.g3 b6 4.Bg2 Bb7 5.O-O Be7 6.b3 O-O 7.Bb2 c5 8.e3 Qc7 
9.Nc3 Bc6 10.Re1 d5 11.cxd5 Nxd5 12.Nxd5 Bxd5 13.d4 Be4 14.dxc5 Bxc5 15.b4
Rd8 16.Qc1 Bd6 17.Qxc7 Bxc7 18.Rac1 Bd6 19.Red1 Na6 20.a3 Be7 21.Rxd8+ 
Bxd8 22.Nd4 Bxg2 23.Kxg2 Nc7 24.Nc6 Ne8 25.Rd1 Bc7 26.Rd7 b5 27.Bd4 a6 28.
Bc5 g5 29.h3 Kg7 30.f4 gxf4 31.exf4 h5 32.Kf3 Kg6 33.g4 hxg4+ 34.hxg4 a5 
35.bxa5 Ra6 36.Nd4 Bxa5 37.Nxb5 Rc6 38.Be3 Bb6 39.Bxb6 Rxb6 40.a4 Ra6 41.
Rd4 f5 42.g5 e5 43.fxe5 Kxg5 44.Nd6 Ra8 45.Nf7+ Kg6 46.Nd8 Ra7 47.Kf4 Rh7 
48.Nc6 Rh4+ 49.Kg3 Rh1 50.Rd8 Ng7 51.a5 f4+ 52.Kf3 Rf1+ 53.Kg2 Ra1 54.Rf8 
Nf5 55.e6 f3+ 56.Kf2 Ra2+ 57.Kxf3 Ra3+ 58.Kf4 1-0

[Event "11th Rubinstein Memorial"]
[Site "Polanica Zdroj POL"]
[Date "1973.08.13"]
[Round "7"]
[White "Filipowicz, Andrzej"]
[Black "Ermenkov, Evgeny"]
[Result "1/2-1/2"]
[WhiteElo "2420"]
[BlackElo "2425"]
[EventDate "1973.08.05"]
[PlyCount "97"]

1.e4 c5 2.Nf3 d6 3.d4 cxd4 4.Nxd4 Nf6 5.Nc3 Nc6 6.Bc4 e6 7.Be3 Be7 8.Bb3 
O-O 9.f4 Nxd4 10.Bxd4 b5 11.e5 dxe5 12.fxe5 Nd7 13.O-O Bc5 14.Bxc5 Nxc5 
15.Qxd8 Rxd8 16.Nxb5 Ba6 17.a4 Nxb3 18.cxb3 Rab8 19.Rf3 Bxb5 20.axb5 Rb7 
21.Ra6 Rd1+ 22.Kf2 Rd2+ 23.Kg3 g6 24.Rc6 Rd5 25.b6 axb6 26.Re3 Rd2 27.Kf3 
b5 28.Rc5 b4 29.h3 Rxb2 30.Rd3 Ra7 31.Rb5 Raa2 32.g3 Rg2 33.Rxb4 Rae2 34.
g4 Rgf2+ 35.Kg3 Rf1 36.Rb5 Rfe1 37.Rf3 g5 38.Rf2 Re3+ 39.Kg2 Re4 40.Rb8+ 
Kg7 41.Rb7 Rf4 42.Rxf4 gxf4 43.Kf3 Rxe5 44.Kxf4 Rd5 45.h4 h5 46.g5 Rd4+ 
47.Kg3 Kg6 48.b4 Rg4+ 49.Kh3 1/2-1/2

[Event "11th Rubinstein Memorial"]
[Site "Polanica Zdroj POL"]
[Date "1973.08.13"]
[Round "7"]
[White "Grabczewski, Romuald"]
[Black "Doda, Zbigniew"]
[Result "1-0"]
[WhiteElo "2420"]
[BlackElo "2405"]
[EventDate "1973.08.05"]
[PlyCount "81"]

1.e4 c5 2.Nf3 e6 3.d4 cxd4 4.Nxd4 Nc6 5.Nc3 a6 6.g3 d6 7.Bg2 Bd7 8.O-O Nf6
9.Re1 Be7 10.b3 O-O 11.Bb2 Rc8 12.Qd2 b5 13.a3 Nxd4 14.Qxd4 e5 15.Qd2 Qb6 
16.Kh1 Qc5 17.Re2 a5 18.f4 b4 19.axb4 axb4 20.Nd5 Nxd5 21.exd5 f6 22.Bd4 
exd4 23.Rxe7 Ra8 24.Rae1 Bf5 25.Be4 Bxe4+ 26.R7xe4 Ra2 27.R1e2 f5 28.Rxd4 
Rxc2 29.Qxc2 Qxd4 30.Qd2 Qc5 31.Kg2 Ra8 32.Qd3 g6 33.Rc2 Qa7 34.Qc4 Re8 
35.Qc6 Qe7 36.Kh3 Qe4 37.Qd7 Re7 38.Rc8+ Kg7 39.Qd8 Kh6 40.Qf8+ Kh5 41.Qf6
1-0

[Event "11th Rubinstein Memorial"]
[Site "Polanica Zdroj POL"]
[Date "1973.08.13"]
[Round "7"]
[White "Jigjidsuren, Purev"]
[Black "Dvoretsky, Mark"]
[Result "1/2-1/2"]
[WhiteElo "2260"]
[BlackElo "2485"]
[EventDate "1973.08.05"]
[PlyCount "24"]

1.e4 c6 2.d4 d5 3.Nd2 dxe4 4.Nxe4 Nd7 5.Nf3 Ngf6 6.Nxf6+ Nxf6 7.h3 Bf5 8.
Bd3 Bxd3 9.Qxd3 e6 10.O-O Be7 11.Rd1 O-O 12.c4 Qc7 1/2-1/2

[Event "11th Rubinstein Memorial"]
[Site "Polanica Zdroj POL"]
[Date "1973.08.13"]
[Round "7"]
[White "Kostro, Jerzy"]
[Black "Espig, Lutz"]
[Result "1/2-1/2"]
[WhiteElo "2385"]
[BlackElo "2460"]
[EventDate "1973.08.05"]
[PlyCount "59"]

1.e4 c5 2.Nf3 e6 3.d4 cxd4 4.Nxd4 d6 5.c4 Nc6 6.Be3 Nf6 7.Nc3 Be7 8.Be2 
O-O 9.O-O a6 10.Rc1 Bd7 11.f3 Nxd4 12.Qxd4 Qb8 13.Rfd1 Rd8 14.a3 Bc6 15.
Bf1 Nd7 16.Qd2 b6 17.Kh1 Qb7 18.Qf2 b5 19.Nd5 exd5 20.cxd5 Bxd5 21.Rxd5 
Rac8 22.Rdd1 Rxc1 23.Rxc1 d5 24.Bd3 Ne5 25.Bb1 Nc4 26.Bd4 dxe4 27.Bxe4 Qd7
28.Bc3 Qd6 29.Qg3 Qh6 30.Re1 1/2-1/2

[Event "11th Rubinstein Memorial"]
[Site "Polanica Zdroj POL"]
[Date "1973.08.13"]
[Round "7"]
[White "Maciejewski, Andrzej"]
[Black "Pribyl, Josef"]
[Result "1/2-1/2"]
[WhiteElo "2470"]
[BlackElo "2440"]
[EventDate "1973.08.05"]
[PlyCount "56"]

1.e4 d6 2.d4 Nf6 3.Nc3 g6 4.f4 Bg7 5.Nf3 c5 6.Bb5+ Bd7 7.e5 Ng4 8.Bxd7+ 
Qxd7 9.d5 dxe5 10.h3 e4 11.Nxe4 Nf6 12.Ne5 Qd8 13.Nxf6+ Bxf6 14.O-O O-O 
15.c4 Nd7 16.Qe2 Re8 17.b3 a5 18.Bb2 a4 19.Rad1 Qc7 20.g4 Ra6 21.g5 Bg7 
22.Ra1 axb3 23.axb3 Rea8 24.Rxa6 Rxa6 25.Bc3 e6 26.Rd1 exd5 27.cxd5 Rd6 
28.Qf3 b5 1/2-1/2

[Event "11th Rubinstein Memorial"]
[Site "Polanica Zdroj POL"]
[Date "1973.08.13"]
[Round "7"]
[White "Markland, Peter Richard"]
[Black "Pytel, Krzysztof"]
[Result "1/2-1/2"]
[WhiteElo "2405"]
[BlackElo "2390"]
[EventDate "1973.08.05"]
[PlyCount "77"]

1.c4 e5 2.Nc3 Nc6 3.g3 d6 4.Bg2 Be6 5.Nd5 g6 6.b4 Bg7 7.Rb1 Qd7 8.d3 Nd8 
9.e4 f5 10.Ne2 c6 11.Ne3 Ne7 12.O-O O-O 13.exf5 Nxf5 14.f4 Nf7 15.b5 Nxe3 
16.Bxe3 Bh3 17.bxc6 bxc6 18.Qd2 Bxg2 19.Kxg2 d5 20.cxd5 cxd5 21.fxe5 Nxe5 
22.Bd4 Rae8 23.Bxe5 Bxe5 24.Rxf8+ Rxf8 25.Rf1 Rxf1 26.Kxf1 Qf5+ 27.Kg2 g5 
28.h3 h5 29.Qe3 g4 30.hxg4 hxg4 31.Nd4 Bxd4 32.Qxd4 Qf3+ 33.Kh2 a5 34.a4 
Kh7 35.Qf4 Qxd3 36.Qxg4 Qd2+ 37.Kh3 d4 38.Qd7+ Kg6 39.Qe6+ 1/2-1/2

[Event "11th Rubinstein Memorial"]
[Site "Polanica Zdroj POL"]
[Date "1973.08.13"]
[Round "7"]
[White "Nicevski, Risto"]
[Black "Schmidt, Wlodzimierz"]
[Result "0-1"]
[WhiteElo "2440"]
[BlackElo "2455"]
[EventDate "1973.08.05"]
[PlyCount "82"]

1.e4 c5 2.Nf3 e6 3.d4 cxd4 4.Nxd4 Nc6 5.Nc3 a6 6.Be2 d6 7.O-O Nf6 8.Be3 
Be7 9.f4 Bd7 10.Qe1 O-O 11.Qg3 Qc7 12.Rae1 b5 13.a3 Rab8 14.Bd3 b4 15.Nce2
bxa3 16.bxa3 d5 17.e5 Ne4 18.Qh3 g6 19.Nb3 Na5 20.Nd2 Nxd2 21.Bxd2 Nc4 22.
Bc1 Nb2 23.Bxb2 Rxb2 24.Ng3 Bb5 25.f5 Bxd3 26.f6 Bc5+ 27.Kh1 Rfb8 28.cxd3 
Bxa3 29.Qg4 Qc2 30.Nh5 Rb1 31.h3 Rxe1 32.Rxe1 Rb1 33.Rxb1 Qxb1+ 34.Kh2 
Qxd3 35.Ng3 Qe3 36.Qa4 Bc5 37.Qe8+ Bf8 38.Qb8 a5 39.Nf1 Qf4+ 40.Kg1 a4 41.
g3 Qd4+ 0-1

[Event "11th Rubinstein Memorial"]
[Site "Polanica Zdroj POL"]
[Date "1973.08.14"]
[Round "8"]
[White "Dvoretsky, Mark"]
[Black "Maciejewski, Andrzej"]
[Result "1/2-1/2"]
[WhiteElo "2485"]
[BlackElo "2470"]
[EventDate "1973.08.05"]
[PlyCount "21"]

1.e4 e5 2.Nf3 d6 3.d4 exd4 4.Qxd4 Nc6 5.Bb5 Bd7 6.Bxc6 Bxc6 7.Nc3 Nf6 8.
Bg5 Be7 9.O-O-O O-O 10.Rhe1 Re8 11.Qd2 1/2-1/2

[Event "11th Rubinstein Memorial"]
[Site "Polanica Zdroj POL"]
[Date "1973.08.14"]
[Round "8"]
[White "Ermenkov, Evgeny"]
[Black "Doda, Zbigniew"]
[Result "1/2-1/2"]
[WhiteElo "2425"]
[BlackElo "2405"]
[EventDate "1973.08.05"]
[PlyCount "81"]

1.d4 Nf6 2.Nf3 g6 3.g3 Bg7 4.Bg2 O-O 5.c4 d6 6.Nc3 c6 7.O-O Qa5 8.h3 e5 9.
e4 exd4 10.Nxd4 Qc5 11.Re1 Qxc4 12.Bf1 Qb4 13.Nc2 Qa5 14.Qxd6 Nbd7 15.Qa3 
Qxa3 16.Nxa3 Nb6 17.Bg5 h6 18.Bf4 Re8 19.Rad1 Nfd7 20.Kg2 Ne5 21.Bc1 Be6 
22.f4 Ned7 23.Nab1 a5 24.Be3 Bf8 25.Kf2 Bc5 26.Bxc5 Nxc5 27.Rd2 a4 28.Na3 
Rad8 29.Rdd1 h5 30.Kf3 Kg7 31.g4 hxg4+ 32.hxg4 f6 33.Nc2 Bf7 34.Ne3 Rh8 
35.Kg3 Rde8 36.Bg2 Rd8 37.Bf3 Ne6 38.Rxd8 Rxd8 39.Rd1 Rxd1 40.Bxd1 Nc5 41.
Bc2 1/2-1/2

[Event "11th Rubinstein Memorial"]
[Site "Polanica Zdroj POL"]
[Date "1973.08.14"]
[Round "8"]
[White "Espig, Lutz"]
[Black "Grabczewski, Romuald"]
[Result "1-0"]
[WhiteElo "2460"]
[BlackElo "2420"]
[EventDate "1973.08.05"]
[PlyCount "71"]

1.Nf3 Nf6 2.c4 e6 3.g3 d5 4.Bg2 Be7 5.O-O O-O 6.d4 c5 7.cxd5 exd5 8.Nc3 
Nc6 9.b3 Ne4 10.Bb2 Bf6 11.Na4 b6 12.dxc5 Bxb2 13.Nxb2 bxc5 14.Nd3 Ba6 15.
Rc1 Re8 16.Re1 Qb6 17.e3 Rad8 18.Bf1 d4 19.exd4 Nxd4 20.Nxd4 cxd4 21.Qg4 
Nd2 22.Rxe8+ Rxe8 23.Qd1 Nxf1 24.Qxf1 Qb5 25.Re1 Rd8 26.Qe2 Rf8 27.Rd1 Qf5
28.Qd2 g5 29.Nb4 Bb7 30.Qxd4 Re8 31.f4 gxf4 32.Qxf4 Qh5 33.g4 Qh3 34.Qg5+ 
Kf8 35.Qc5+ Re7 36.Rd8+ 1-0

[Event "11th Rubinstein Memorial"]
[Site "Polanica Zdroj POL"]
[Date "1973.08.14"]
[Round "8"]
[White "Filipowicz, Andrzej"]
[Black "Nicevski, Risto"]
[Result "1-0"]
[WhiteElo "2420"]
[BlackElo "2440"]
[EventDate "1973.08.05"]
[PlyCount "93"]

1.e4 c5 2.Nf3 d6 3.d4 cxd4 4.Nxd4 Nf6 5.Nc3 a6 6.f4 Qc7 7.Bd3 Nbd7 8.Nf3 
b5 9.Qe2 e5 10.O-O g6 11.Kh1 Bg7 12.fxe5 dxe5 13.Bg5 O-O 14.Nd2 Bb7 15.a4 
b4 16.Na2 Qd6 17.Nc4 Qc5 18.Nc1 h6 19.Nb3 Qc7 20.Bd2 a5 21.c3 Rfc8 22.cxb4
axb4 23.Rfc1 Qb8 24.Nca5 Bf8 25.Nxb7 Qxb7 26.Rxc8 Qxc8 27.Rc1 Qd8 28.a5 
Nh5 29.g3 Ndf6 30.a6 Ng4 31.Bc4 Qd7 32.Kg2 Kh7 33.Rf1 f5 34.exf5 Qc6+ 35.
Kh3 g5 36.Na5 Qc5 37.Bxg5 Ngf6 38.Nb3 Qc6 39.Rc1 Qd6 40.Be3 Be7 41.Qd2 
Rxa6 42.Bc5 Qxd2 43.Nxd2 Bxc5 44.Bxa6 Bd4 45.Rc7+ Kg8 46.b3 e4 47.Rc4 1-0

[Event "11th Rubinstein Memorial"]
[Site "Polanica Zdroj POL"]
[Date "1973.08.14"]
[Round "8"]
[White "Pribyl, Josef"]
[Black "Kostro, Jerzy"]
[Result "1-0"]
[WhiteElo "2440"]
[BlackElo "2385"]
[EventDate "1973.08.05"]
[PlyCount "121"]

1.e4 e5 2.Nf3 Nf6 3.Nxe5 d6 4.Nf3 Nxe4 5.Qe2 Qe7 6.d3 Nf6 7.Bg5 Qxe2+ 8.
Bxe2 Be7 9.Nc3 Bd7 10.d4 Nc6 11.d5 Ne5 12.Nd4 O-O-O 13.Be3 g6 14.h3 Be8 
15.O-O-O Ned7 16.Ncb5 Nb6 17.c4 a6 18.Nc3 Na4 19.Nxa4 Bxa4 20.Rde1 Rde8 
21.Bd3 Nd7 22.b3 Nc5 23.Bc2 Bd7 24.Nf3 Bf6 25.Bh6 Bc3 26.Bd2 Bxd2+ 27.Kxd2
a5 28.a3 h6 29.b4 axb4 30.axb4 Na6 31.Kc3 Rxe1 32.Rxe1 Re8 33.Rxe8+ Bxe8 
34.Nd2 Kd8 35.f4 Ke7 36.Nf3 Nb8 37.g4 Nd7 38.Ba4 Nf6 39.Bxe8 Kxe8 40.Kd4 
Ke7 41.Nd2 h5 42.g5 Ne8 43.Nf1 Ng7 44.Ne3 Nf5+ 45.Nxf5+ gxf5 46.c5 Kd7 47.
Kc4 c6 48.dxc6+ bxc6 49.b5 cxb5+ 50.Kxb5 Kc7 51.cxd6+ Kxd6 52.Kc4 Kc6 53.
Kd4 Kd6 54.h4 Ke6 55.Kc5 Ke7 56.Kd5 Kf8 57.Ke5 Kg8 58.Kxf5 Kg7 59.Ke5 Kg6 
60.f5+ Kg7 61.f6+ 1-0

[Event "11th Rubinstein Memorial"]
[Site "Polanica Zdroj POL"]
[Date "1973.08.14"]
[Round "8"]
[White "Pytel, Krzysztof"]
[Black "Jigjidsuren, Purev"]
[Result "1-0"]
[WhiteElo "2390"]
[BlackElo "2260"]
[EventDate "1973.08.05"]
[PlyCount "127"]

1.Nf3 Nf6 2.c4 b6 3.g3 Bb7 4.Bg2 e6 5.O-O Be7 6.Nc3 Ne4 7.Nxe4 Bxe4 8.d3 
Bb7 9.e4 O-O 10.Re1 d6 11.d4 Nd7 12.b3 c5 13.Bb2 Qc7 14.Qc2 Rad8 15.Rad1 
Rfe8 16.h3 Nf8 17.Re2 Ng6 18.d5 e5 19.h4 Bc8 20.h5 Nh8 21.Nh2 Bg5 22.Rf1 
f6 23.f4 Bh6 24.Ref2 Rf8 25.Qe2 Rde8 26.Ng4 Bxg4 27.Qxg4 Nf7 28.Kh1 Qe7 
29.Re2 Nd8 30.Rfe1 Kh8 31.Bh3 Qf7 32.Qh4 Qe7 33.Bf5 Nf7 34.Qg4 Rb8 35.Rg1 
Nd8 36.Bc3 Nf7 37.Bd7 Rbd8 38.Bc6 Rc8 39.b4 a6 40.Rb1 Rb8 41.Kg2 Qc7 42.
Kf3 Nd8 43.Qd7 Qxd7 44.Bxd7 Rf7 45.Bh3 Rfb7 46.bxc5 dxc5 47.fxe5 Nf7 48.
exf6 gxf6 49.Bxf6+ Bg7 50.Bxg7+ Kxg7 51.e5 Re8 52.Rbe1 Rbe7 53.Kf4 b5 54.
Be6 Nd8 55.Bf5 Nb7 56.g4 h6 57.Re4 b4 58.d6 Rf7 59.e6 Rf6 60.d7 Re7 61.Ke5
a5 62.Kd5 a4 63.Kc6 Nd8+ 64.Kd6 1-0

[Event "11th Rubinstein Memorial"]
[Site "Polanica Zdroj POL"]
[Date "1973.08.14"]
[Round "8"]
[White "Schmidt, Wlodzimierz"]
[Black "Markland, Peter Richard"]
[Result "1/2-1/2"]
[WhiteElo "2455"]
[BlackElo "2405"]
[EventDate "1973.08.05"]
[PlyCount "37"]

1.Nf3 Nf6 2.c4 e6 3.g3 b6 4.Bg2 Bb7 5.O-O Be7 6.b3 c5 7.Bb2 O-O 8.e3 d5 9.
Nc3 dxc4 10.bxc4 Nc6 11.d3 Qd7 12.Qe2 Rad8 13.Rfd1 Qc8 14.Ne1 Na5 15.Bxb7 
Qxb7 16.f4 Ne8 17.Nf3 Bf6 18.Ne5 Nd6 19.Ng4 1/2-1/2

[Event "11th Rubinstein Memorial"]
[Site "Polanica Zdroj POL"]
[Date "1973.08.16"]
[Round "9"]
[White "Doda, Zbigniew"]
[Black "Espig, Lutz"]
[Result "1/2-1/2"]
[WhiteElo "2405"]
[BlackElo "2460"]
[EventDate "1973.08.05"]
[PlyCount "52"]

1.Nf3 Nf6 2.c4 e6 3.g3 d5 4.Bg2 Be7 5.O-O O-O 6.d4 Nbd7 7.Qc2 c6 8.b3 b5 
9.c5 Ne4 10.Nbd2 f5 11.Bb2 a5 12.a3 Qe8 13.b4 a4 14.Ne1 Bf6 15.Ndf3 Ra7 
16.Nd3 Ng5 17.Rae1 Nf7 18.Nfe5 Ndxe5 19.dxe5 Bd8 20.f3 Nh6 21.Bc1 g5 22.h3
Qg6 23.e4 fxe4 24.fxe4 Rxf1+ 25.Rxf1 Rf7 26.Re1 Rf8 1/2-1/2

[Event "11th Rubinstein Memorial"]
[Site "Polanica Zdroj POL"]
[Date "1973.08.16"]
[Round "9"]
[White "Grabczewski, Romuald"]
[Black "Pribyl, Josef"]
[Result "1-0"]
[WhiteElo "2420"]
[BlackElo "2440"]
[EventDate "1973.08.05"]
[PlyCount "103"]

1.e4 d6 2.d4 Nf6 3.Nc3 g6 4.Bg5 h6 5.Bh4 c6 6.f4 Qa5 7.Qd2 b5 8.e5 dxe5 9.
dxe5 Nfd7 10.Nf3 b4 11.Ne4 Na6 12.e6 fxe6 13.Bc4 Nb6 14.Qd4 Rg8 15.O-O-O 
Nd5 16.Ne5 Bg7 17.Bxe7 Nxe7 18.Bxa6 Bxe5 19.fxe5 Bxa6 20.Nd6+ Kf8 21.Qf4+ 
Nf5 22.g4 g5 23.Qf3 Qxe5 24.Qxc6 Nxd6 25.Rxd6 Re8 26.Qxa6 Rg7 27.Rf1+ Kg8 
28.Qc6 Rge7 29.Rd7 Kg7 30.Rxe7+ Rxe7 31.Qf3 Kg6 32.Qf8 Qg7 33.Qxg7+ Kxg7 
34.Kd2 Rc7 35.Rf2 Rc4 36.h3 Rc6 37.Kd3 Ra6 38.Kc4 Rxa2 39.Kb3 Ra1 40.Kxb4 
Re1 41.c4 e5 42.c5 e4 43.Rc2 e3 44.c6 e2 45.c7 Rf1 46.Rxe2 Rc1 47.Re7+ Kf6
48.Rh7 Ke5 49.Kb5 Kd6 50.Ka6 Rxc7 51.Rxc7 Kxc7 52.Kxa7 1-0

[Event "11th Rubinstein Memorial"]
[Site "Polanica Zdroj POL"]
[Date "1973.08.16"]
[Round "9"]
[White "Jigjidsuren, Purev"]
[Black "Schmidt, Wlodzimierz"]
[Result "1/2-1/2"]
[WhiteElo "2260"]
[BlackElo "2455"]
[EventDate "1973.08.05"]
[PlyCount "84"]

1.e4 c5 2.Nf3 e6 3.d4 cxd4 4.Nxd4 Nc6 5.Be3 Nf6 6.Nc3 Bb4 7.Bd3 d5 8.exd5 
Nxd5 9.Nxc6 bxc6 10.Qg4 O-O 11.O-O f5 12.Qc4 Qd6 13.a3 Nxe3 14.fxe3 Bc5 
15.Bxf5 Qe5 16.Be4 Rxf1+ 17.Rxf1 a5 18.Bxc6 Qxe3+ 19.Kh1 Ba6 20.Qe4 Bxf1 
21.Qxe3 Bxe3 22.Bxa8 Bc1 23.Kg1 Ba6 24.b4 Bxa3 25.b5 Bb4 26.bxa6 Bxc3 27.
Kf1 Bd4 28.Bc6 Kf8 29.Ke2 Ke7 30.Kd3 Ba7 31.Kc4 Kd6 32.Be4 h6 33.Kb5 a4 
34.Kxa4 Kc5 35.Kb3 Kb5 36.Bd3+ Kc5 37.Kc3 e5 38.Be4 Kb5 39.Bb7 e4 40.Bxe4 
Kxa6 41.Kc4 Bg1 42.h3 Kb6 1/2-1/2

[Event "11th Rubinstein Memorial"]
[Site "Polanica Zdroj POL"]
[Date "1973.08.16"]
[Round "9"]
[White "Kostro, Jerzy"]
[Black "Dvoretsky, Mark"]
[Result "1/2-1/2"]
[WhiteElo "2385"]
[BlackElo "2485"]
[EventDate "1973.08.05"]
[PlyCount "58"]

1.e4 e5 2.Nf3 Nf6 3.d4 Nxe4 4.Bd3 d5 5.Nxe5 Bd6 6.O-O O-O 7.c4 Bxe5 8.dxe5
Nc6 9.f4 Bf5 10.cxd5 Qxd5 11.Bxe4 Qxe4 12.Nc3 Qd4+ 13.Qxd4 Nxd4 14.Bd2 
Rfd8 15.Rf2 Rd7 16.Rd1 Rad8 17.Be3 b6 18.h3 Nc2 19.Rxd7 Rxd7 20.Bc1 Nb4 
21.Be3 h5 22.Rd2 Nd3 23.Nd1 c5 24.Nf2 c4 25.Nxd3 Bxd3 26.g4 hxg4 27.hxg4 
b5 28.a3 a5 29.Bb6 Bf5 1/2-1/2